000 00865nas a2200265 4500
001 BR9100605
003 BR-BrBNA
005 20231205091917.0
007 ta
008 230509b bl.|||p| |||| 00| 00por d
040 _aBR-BrBNA
_bpor
_cBiblioteca Nacional de Agricultura
041 _a(Pt)
072 _aH20
100 1 _aAlmeida, O.C. de
100 1 _aAlmeida, L.C. de
100 1 _aFigueiredo, J.M. de
245 1 _aObtencao, em meio de cultura, de propagulos de Verticillium dahliae Kleb., causador da murcha-de-verticillium em cacaueiro (Theobroma cacao L.)
650 _aCACAU
650 _aMURCHA DE VERTICILLIUM
650 _aFUNGO
773 0 _tAgrotropica (Brazil)
_xISSN 0103-3816
_g(Sep-Dec 1989), v. 1(3) p. 213-215
_wBR9100605
856 4 0 _dLink DSPACE/MAPA BR9100605
909 _a202311
_bLúcia
_c55
_dLúcia Elande
942 _2AGRIS
_n0
_cANA
999 _c128100
_d128100